| 000 | 00818nam a22002417a 4500 | ||
|---|---|---|---|
| 999 |
_c14588 _d14588 |
||
| 003 | MIRAKIL | ||
| 005 | 20211103141948.0 | ||
| 008 | 211103b tu ||||| |||| 00| 0 tur d | ||
| 020 | _a9786254054907 | ||
| 040 |
_aTR-AnCHP _btur _cTR-AnCHP |
||
| 082 |
_a658.4 _bL38l 2020 |
||
| 100 | _aLewis, Chris | ||
| 245 |
_aLiderlik laboratuvarı : _b21. yüzyılda liderlik/ _cChris Lewis ; Pippa Malmgren ; çeviren Ümit Şensoy |
||
| 260 |
_aİstanbul: _bTürkiye İş bankası Kültür Yayınları, _c2020. |
||
| 300 |
_a257 s.: _bşkl.; _c23 sm. |
||
| 490 | 0 |
_aTürkiye İş bankası Kültür Yayınları; _vGenel Yayın:5180 |
|
| 504 | _aKaynakça vardır. | ||
| 650 | _aLiderlik | ||
| 650 |
_aLiderlik _y21 yüzyıl |
||
| 700 |
_96794 _aMalmgren, Pippa |
||
| 700 | 1 |
_91813 _aŞensoy, Ümit _eçev. |
|
| 942 |
_2ddc _cBKS |
||